Group Theory for the Standard Model of Particle Physics and Beyond (Record no. 93933)

MARC details
000 -LEADER
fixed length control field 01242nam a2200229Ii 4500
008 - FIXED-LENGTH DATA ELEMENTS--GENERAL INFORMATION
fixed length control field 221202s xx 000 0 und d
100 1# - MAIN ENTRY--PERSONAL NAME
Personal name Barnes, Ken J,
Relator term author
245 #0 - TITLE STATEMENT
Title Group Theory for the Standard Model of Particle Physics and Beyond
264 ## - PRODUCTION, PUBLICATION, DISTRIBUTION, MANUFACTURE, AND COPYRIGHT NOTICE
Name of producer, publisher, distributor, manufacturer Taylor & Francis
Date of production, publication, distribution, manufacture, or copyright notice 2010
300 ## - PHYSICAL DESCRIPTION
Extent 1 online resource (255 pages)
336 ## - CONTENT TYPE
Content type term text
Content type code txt
Source rdacontent
337 ## - MEDIA TYPE
Media type term computer
Media type code c
Source rdamedia
338 ## - CARRIER TYPE
Carrier type term online resource
Carrier type code cr
Source rdacarrier
520 ## - SUMMARY, ETC.
Summary, etc. Based on the author's well-established courses, Group Theory for the Standard Model of Particle Physics and Beyond explores the use of symmetries through descriptions of the techniques of Lie groups and Lie algebras. The text develops the models, theoretical framework, and mathematical tools to understand these symmetries.After linking symmetries w
653 ## - INDEX TERM--UNCONTROLLED
Uncontrolled term Internal Symmetries
653 ## - INDEX TERM--UNCONTROLLED
Uncontrolled term Quantum Angular Momentum
653 ## - INDEX TERM--UNCONTROLLED
Uncontrolled term Special Relativity And The Physical Particle States
653 ## - INDEX TERM--UNCONTROLLED
Uncontrolled term Symmetries And Conservation Laws
653 ## - INDEX TERM--UNCONTROLLED
Uncontrolled term Tensors And Tensor Operators
856 ## - ELECTRONIC LOCATION AND ACCESS
Uniform Resource Identifier <a href="https://docs.google.com/spreadsheets/d/1yKIrdCPDAG_9c22mwoOIO2DOhtj65Wqa/edit?usp=sharing&ouid=106555315294820607512&rtpof=true&sd=true ">https://docs.google.com/spreadsheets/d/1yKIrdCPDAG_9c22mwoOIO2DOhtj65Wqa/edit?usp=sharing&ouid=106555315294820607512&rtpof=true&sd=true </a>
Link text List of Curated E-Books
942 ## - ADDED ENTRY ELEMENTS (KOHA)
Koha item type E-Book

No items available.

University of Rizal System
Email us at univlibservices@urs.edu.ph

Visit our Website www.urs.edu.ph/library